ALAI entrevista al Frente Sandinista de Liberación Nacional (FSLN)
সংরক্ষণ করুন:
| বিন্যাস: | পাঠ্য |
|---|---|
| ভাষা: | Spanish |
| বিষয়গুলি: | |
| ট্যাগগুলো: |
ট্যাগ যুক্ত করুন
কোনো ট্যাগ নেই, প্রথমজন হিসাবে ট্যাগ করুন!
|
MARC
| LEADER | 00000 a a2200000 04500 | ||
|---|---|---|---|
| 003 | cru CIDCACS/IIS | ||
| 005 | 20191203091419.0 | ||
| 008 | 191203b ||||| |||| 00| 0 spa d | ||
| 999 | |c 42701 |d 42701 | ||
| 040 | |c cru CIDCACS/IIS | ||
| 245 | 0 | |a ALAI entrevista al Frente Sandinista de Liberación Nacional (FSLN) | |
| 300 | |a página 115-120 | ||
| 650 | 0 | |a PARTIDOS POLITICOS |9 413 | |
| 651 | 0 | |9 1861 |a NICARAGUA | |
| 773 | 0 | |0 42391 |9 3962 |a Agencia Latinoamericana de Información, ALAI |d Quito, Ecuador: ALAI |o 03862 |t ALAI: |x 08275564 (Servicio mensual de información y documentación) | |
| 942 | |2 ddc |c PP | ||
